000 00258nam a22001217a 4500
008 180207b xxu||||| |||| 00| 0 eng d
041 _aeng
080 _a33
100 _a52
101 _aECO
245 _aECONOMIC OF STRTEGY
_cBESANKO.D
942 _2udc
_cBK
999 _c42042
_d42042